|
|
|
|
| LEADER |
01434nam a2200349Ia 4500 |
| 001 |
EBC3400743 |
| 003 |
MiAaPQ |
| 005 |
20200520144314.0 |
| 006 |
m o d | |
| 007 |
cr cn||||||||| |
| 008 |
090910t20102009dk a sb 001 0 eng d |
| 020 |
|
|
|z 8763002280
|
| 020 |
|
|
|z 9788763002288
|
| 035 |
|
|
|a (MiAaPQ)EBC3400743
|
| 035 |
|
|
|a (Au-PeEL)EBL3400743
|
| 035 |
|
|
|a (CaPaEBR)ebr10370317
|
| 035 |
|
|
|a (OCoLC)897734951
|
| 040 |
|
|
|a MiAaPQ
|c MiAaPQ
|d MiAaPQ
|
| 050 |
|
4 |
|a HD2902.5
|b .N49 2010
|
| 245 |
0 |
4 |
|a The new Asian dragon
|h [electronic resource] :
|b internationalization of firms in Vietnam /
|c edited by Henrik Schamumberg-Muller and Pham Hong Chuong.
|
| 250 |
|
|
|a 1st ed.
|
| 260 |
|
|
|a [Copenhagen] :
|b Copenhagen Business School Press ;
|a Portland, OR :
|b Distribution, International Specialized Book Services,
|c 2010, c2009.
|
| 300 |
|
|
|a 255 p. :
|b ill.
|
| 504 |
|
|
|a Includes bibliographical references and index.
|
| 533 |
|
|
|a Electronic reproduction. Ann Arbor, MI : ProQuest, 2015. Available via World Wide Web. Access may be limited to ProQuest affiliated libraries.
|
| 650 |
|
0 |
|a International business enterprises
|z Vietnam.
|
| 651 |
|
0 |
|a Vietnam
|x Economic conditions.
|
| 655 |
|
4 |
|a Electronic books.
|
| 700 |
1 |
|
|a Chuong, Pham Hong.
|
| 700 |
1 |
|
|a Schaumburg-Muller, Henrik.
|
| 710 |
2 |
|
|a ProQuest (Firm)
|
| 856 |
4 |
0 |
|u https://ebookcentral.proquest.com/lib/matrademy/detail.action?docID=3400743
|z Click to View
|